Macroeconomics principles and policy

محفوظ في:
التفاصيل البيبلوغرافية
المؤلف الرئيسي: Baumol, William J
مؤلفون آخرون: Blinder, Alan S
التنسيق: كتاب
اللغة:Undetermined
منشور في: Mason, Ohio Thomson/South Western 2006
الموضوعات:
الوصول للمادة أونلاين:http://lrc.tdmu.edu.vn/opac/search/detail.asp?aID=2&ID=7461
الوسوم: إضافة وسم
لا توجد وسوم, كن أول من يضع وسما على هذه التسجيلة!
Thư viện lưu trữ: Trung tâm Học liệu Trường Đại học Thủ Dầu Một
LEADER 00639nam a2200217Ia 4500
001 TDMU_7461
008 210410s9999 xx 000 0 und d
082 |a 339 
090 |b B111 
100 |a Baumol, William J 
245 0 |a Macroeconomics 
245 0 |b principles and policy 
245 0 |c William J. Baumol, Alan S. Blinder 
260 |a Mason, Ohio 
260 |b Thomson/South Western 
260 |c 2006 
300 |a xx, 401 p 
650 |a Macroeconomics 
700 |a Blinder, Alan S 
856 |u http://lrc.tdmu.edu.vn/opac/search/detail.asp?aID=2&ID=7461 
980 |a Trung tâm Học liệu Trường Đại học Thủ Dầu Một